[Event "ICS rated blitz match"]
[Site "204.178.125.65"]
[Date "1999.08.28"]
[Round "?"]
[White "Hossa"]
[Black "libertad"]
[Result "1-0"]
[WhiteElo "2491"]
[BlackElo "2073"]
[PlyCount "75"]
[EventDate "1999.??.??"]

1. d4 d5 2. c4 e5 3. dxe5 d4 4. Nf3 Nc6 5. Bf4 Bg4 6. Nbd2 Nge7 7. Bg5 h6 8.
Bxe7 Bxe7 9. a3 O-O 10. Nb3 Bxf3 11. exf3 Nxe5 12. Qxd4 Re8 13. O-O-O Bg5+ 14.
f4 Qxd4 15. Rxd4 c5 16. Re4 f5 17. Rxe5 Rxe5 18. fxg5 hxg5 19. g4 Re1+ 20. Kd2
Rb1 21. Kc2 Re1 22. Bg2 Re2+ 23. Kc3 Rxf2 24. Bxb7 Rb8 25. Bd5+ Kh7 26. gxf5
Kh6 27. a4 Rxf5 28. Nxc5 Rf2 29. b4 g4 30. Nd3 Ra2 31. a5 Ra3+ 32. Kd4 g5 33.
c5 Kh5 34. Rd1 Kh4 35. Rg1 Kh3 36. Nf2+ Kh4 37. Rxg4+ Kh5 38. Kc4 {
libertad resigns} 1-0

[Event "ICS rated blitz match"]
[Site "204.178.125.65"]
[Date "1999.08.28"]
[Round "?"]
[White "Hossa"]
[Black "libertad"]
[Result "1-0"]
[WhiteElo "2406"]
[BlackElo "2098"]
[PlyCount "107"]
[EventDate "1999.??.??"]

1. d4 d5 2. c4 e5 3. dxe5 d4 4. Nf3 Nc6 5. Bf4 Bg4 6. Nbd2 Nge7 7. Bg5 h6 8.
Bxe7 Bxe7 9. a3 O-O 10. Nb3 f6 11. Nbxd4 Nxd4 12. Qxd4 Qxd4 13. Nxd4 fxe5 14.
Nf3 Rad8 15. Nxe5 Bf5 16. Ra2 Bf6 17. Nd3 Rfe8 18. Kd1 c6 19. b4 b5 20. cxb5
cxb5 21. Rc2 Be6 22. Rc7 Bb3+ 23. Kd2 Bb2 24. Rxa7 Ba4 25. e3 Bxa3 26. Ke2 Rc8
27. Kf3 Rf8+ 28. Kg3 Rc3 29. Be2 Bc2 30. Rd7 Rf6 31. Ra1 Rg6+ 32. Kh4 Rxg2 33.
Kh3 Rg5 34. Rd8+ Kh7 35. Ra8 Bxd3 36. Bxd3+ Rxd3 37. R8xa3 Rd2 38. R1a2 Rd1 39.
f4 Rg6 40. Ra1 Rdg1 41. f5 R6g5 42. Rxg1 Rxg1 43. Rd3 Rb1 44. Rd4 Rb3 45. Re4
Kg8 46. Kg4 Kf7 47. h4 Kf6 48. h5 Rb1 49. Re6+ Kf7 50. Kf4 Rxb4+ 51. e4 Rb1 52.
Rb6 b4 53. Rb7+ Kf6 54. e5# {libertad checkmated} 1-0

[Event "ICS rated blitz match"]
[Site "204.178.125.65"]
[Date "1999.09.13"]
[Round "?"]
[White "Hossa"]
[Black "libertad"]
[Result "0-1"]
[WhiteElo "2399"]
[BlackElo "2138"]
[PlyCount "60"]
[EventDate "1999.??.??"]

1. d4 d5 2. e3 c5 3. dxc5 Nc6 4. c4 e6 5. cxd5 exd5 6. e4 d4 7. Qc2 Qa5+ 8. Bd2
Qxc5 9. Qd1 Nf6 10. f3 Be6 11. Na3 O-O-O 12. Rc1 Qb6 13. Nc4 Bxc4 14. Bxc4 Qxb2
15. Rc2 Qa3 16. Bxf7 Bb4 17. Bxb4 Qxb4+ 18. Kf2 Kb8 19. Bc4 Ne5 20. Bb3 d3 21.
Rc1 Qd4+ 22. Kg3 h5 23. Kh3 g5 24. Be6 g4+ 25. Bxg4 hxg4+ 26. Kg3 gxf3 27. Rc8+
Rxc8 28. gxf3 Rcg8+ 29. Kf4 Ng6+ 30. Kg5 30... Qe5# {Hossa checkmated} 0-1

[Event "ICS rated blitz match"]
[Site "204.178.125.65"]
[Date "1999.09.22"]
[Round "?"]
[White "Hossa"]
[Black "libertad"]
[Result "1-0"]
[WhiteElo "2163"]
[BlackElo "1949"]
[PlyCount "83"]
[EventDate "1999.??.??"]

1. Nf3 d5 2. g3 Nc6 3. d4 Bg4 4. Bg2 e6 5. O-O Nf6 6. Nbd2 h5 7. c4 Be7 8. cxd5
exd5 9. Ne5 Be6 10. Qa4 Qd6 11. Nxc6 bxc6 12. Nc4 Qd7 13. Ne5 Qd6 14. Bf4 O-O
15. Ng6 Qb4 16. Qxb4 Bxb4 17. Nxf8 Rxf8 18. Rfc1 Bd7 19. Bxc7 h4 20. gxh4 Re8
21. e3 Ne4 22. h5 Ng5 23. a3 Bf8 24. b4 Re6 25. h4 Ne4 26. Bh3 Re7 27. Bxd7
Rxd7 28. Rxc6 Re7 29. Rac1 Re8 30. Ra6 Nd2 31. Rxa7 Nf3+ 32. Kh1 Nxh4 33. Ra5
Rc8 34. Rxd5 Be7 35. Rc4 Bf6 36. a4 Re8 37. b5 Re4 38. b6 Nf3 39. b7 Rg4 40.
b8=Q+ Kh7 41. Bg3 Bh4 42. Rc8 {libertad resigns} 1-0

[Event "ICS rated blitz match"]
[Site "204.178.125.65"]
[Date "1999.10.06"]
[Round "?"]
[White "Hossa"]
[Black "lkd"]
[Result "1-0"]
[WhiteElo "2448"]
[BlackElo "2206"]
[PlyCount "83"]
[EventDate "1999.??.??"]

1. e4 c6 2. Nc3 d5 3. Nf3 Bg4 4. Be2 dxe4 5. Nxe4 Nd7 6. O-O Ngf6 7. Nxf6+ Nxf6
8. Re1 e6 9. d4 Be7 10. Ne5 Bxe2 11. Rxe2 O-O 12. Bg5 Rc8 13. c3 c5 14. Qa4
cxd4 15. cxd4 a6 16. Ree1 Nd5 17. Bxe7 Qxe7 18. Rac1 Qg5 19. Rxc8 Rxc8 20. Qd7
Rf8 21. Qxb7 a5 22. Nc6 Qd2 23. Rf1 h6 24. Qb5 Nf4 25. Kh1 a4 26. Ne7+ Kh8 27.
Qxa4 Qxb2 28. Qc4 Ra8 29. a4 Qa3 30. Qc6 Qxa4 31. Qe4 Nh5 32. Qf3 Nf6 33. Rc1
Re8 34. Nc6 Rc8 35. g3 Rc7 36. Rc5 Nd5 37. Nd8 Qa1+ 38. Kg2 Qxd4 39. Rxc7 Nxc7
40. Nxf7+ Kg8 41. Kg1 Qd1+ 42. Qxd1 {lkd resigns} 1-0

[Event "ICS rated blitz match"]
[Site "204.178.125.65"]
[Date "1999.09.22"]
[Round "?"]
[White "Hossa"]
[Black "machetin"]
[Result "0-1"]
[WhiteElo "2278"]
[BlackElo "2012"]
[PlyCount "112"]
[EventDate "1999.??.??"]

1. d4 Nf6 2. Nf3 g6 3. c4 Bg7 4. Nc3 O-O 5. Bf4 d6 6. e3 Nbd7 7. Bd3 b6 8. O-O
Bb7 9. e4 c5 10. d5 Ng4 11. Ng5 Nge5 12. Be2 h6 13. Nf3 Nxf3+ 14. Bxf3 Ne5 15.
Be2 g5 16. Be3 Ba6 17. Qa4 Bc8 18. f4 Bd7 19. Qa6 gxf4 20. Bxf4 f5 21. exf5
Bxf5 22. Rad1 Qe8 23. Nb5 Qg6 24. Bxe5 Bxe5 25. Nxa7 Bh3 26. g3 Bd4+ 27. Rxd4
cxd4 28. c5 Bxf1 29. Bxf1 bxc5 30. Nc6 Rxa6 31. Nxe7+ Kg7 32. Nxg6 Rxf1+ 33.
Kxf1 Kxg6 34. a3 Kf5 35. g4+ Ke4 36. h4 c4 37. Ke1 c3 38. bxc3 dxc3 39. g5 Kd3
40. g6 Rxa3 41. g7 Ke3 42. Kd1 Ra8 43. Kc2 Kd4 44. h5 Rg8 45. Kb3 Rxg7 46. Kb4
Rg2 47. Kb5 c2 48. Kc6 c1=Q+ 49. Kxd6 Qc5+ 50. Ke6 Rg7 51. Kf6 Qe7+ 52. Kf5
Rg5+ 53. Kf4 Qe5+ 54. Kf3 Rg3+ 55. Kf2 Qe3+ 56. Kf1 56... Rg1# {
Hossa checkmated} 0-1

[Event "ICS rated blitz match"]
[Site "204.178.125.65"]
[Date "1999.09.22"]
[Round "?"]
[White "Hossa"]
[Black "machetin"]
[Result "1-0"]
[WhiteElo "2266"]
[BlackElo "2024"]
[PlyCount "93"]
[EventDate "1999.??.??"]

1. d4 Nf6 2. Nf3 d5 3. e3 g6 4. Bd3 Bg7 5. O-O O-O 6. c4 c6 7. Nc3 Bg4 8. b3 e6
9. Ba3 Re8 10. Bb2 Nbd7 11. Be2 Ne4 12. Nxe4 dxe4 13. Nd2 Bxe2 14. Qxe2 f5 15.
f3 exf3 16. Nxf3 e5 17. Qf2 e4 18. Ne1 c5 19. d5 Bxb2 20. Qxb2 Qg5 21. Nc2 Ne5
22. Qc3 Nd3 23. Rad1 b6 24. Qd2 Re5 25. a4 Rae8 26. Na3 a6 27. Nb1 h5 28. Nc3
h4 29. h3 Qg3 30. Ne2 Qg5 31. Kh1 R5e7 32. Rb1 Ne5 33. Rbc1 Qf6 34. Rcd1 Qd6
35. Qe1 g5 36. Rxf5 Nd3 37. Rxg5+ Rg7 38. Rxg7+ Kxg7 39. Qxh4 Rf8 40. Kg1 Qg6
41. Ng3 Rf2 42. Rxd3 Rxg2+ 43. Kxg2 Qe6 44. Nh5+ Kh6 45. dxe6 Kg6 46. Qf6+ Kxh5
47. Rd5# {machetin checkmated} 1-0

[Event "ICS rated blitz match"]
[Site "204.178.125.65"]
[Date "1999.09.20"]
[Round "?"]
[White "Hossa"]
[Black "machetin"]
[Result "1-0"]
[WhiteElo "2336"]
[BlackElo "2043"]
[PlyCount "65"]
[EventDate "1999.??.??"]

1. e4 c5 2. Nf3 d6 3. d4 cxd4 4. Nxd4 Nf6 5. Nc3 g6 6. Bc4 Bg7 7. h3 Nc6 8.
Nxc6 bxc6 9. O-O Be6 10. Bd3 O-O 11. Bg5 h6 12. Bf4 Nh5 13. Bd2 Be5 14. Bxh6
Nf4 15. Bxf8 Kxf8 16. Qf3 Nxd3 17. cxd3 Qb6 18. Rfb1 Rb8 19. Rc1 Qxb2 20. Rab1
Qxb1 21. Rxb1 Rb6 22. Rc1 c5 23. Qe2 a5 24. h4 a4 25. Nxa4 Ra6 26. Qc2 Bd4 27.
Rb1 Kg7 28. Rb7 Kf6 29. g3 Ra8 30. Kg2 Rh8 31. Nc3 Bg4 32. Nd5+ Ke6 33. Rxe7# {
machetin checkmated} 1-0

[Event "ICS rated blitz match"]
[Site "204.178.125.65"]
[Date "1999.10.14"]
[Round "?"]
[White "Hossa"]
[Black "maltese"]
[Result "1-0"]
[WhiteElo "2363"]
[BlackElo "2117"]
[PlyCount "77"]
[EventDate "1999.??.??"]

1. e4 d6 2. d4 Nf6 3. f3 g6 4. Bb5+ c6 5. Bd3 Bg7 6. Ne2 Nbd7 7. Bg5 e5 8. Nd2
h6 9. Bh4 g5 10. Bf2 Nh5 11. Nc4 Qe7 12. O-O O-O 13. Ne3 Ndf6 14. c4 Nf4 15.
Ng3 exd4 16. Nef5 Bxf5 17. Nxf5 Qe5 18. Bxd4 Qa5 19. Nxh6+ Bxh6 20. Bxf6 Nxd3
21. Qxd3 Rae8 22. Qxd6 Re6 23. Qd4 Qb6 24. c5 Qa6 25. a3 b6 26. b4 bxc5 27.
bxc5 Qa5 28. Rf2 Rxf6 29. Qxf6 Bg7 30. Qxg5 f5 31. exf5 Qxc5 32. Rc1 Qd4 33.
Rxc6 Qd3 34. Rg6 Qd1+ 35. Rf1 Qd4+ 36. Kh1 Rf7 37. f6 Qd3 38. Rxg7+ Kf8 39.
Rg8# {maltese checkmated} 1-0

[Event "ICS rated blitz match"]
[Site "204.178.125.65"]
[Date "1999.10.15"]
[Round "?"]
[White "Hossa"]
[Black "marabu"]
[Result "1-0"]
[WhiteElo "2393"]
[BlackElo "2098"]
[PlyCount "107"]
[EventDate "1999.??.??"]

1. e4 g6 2. d4 Bg7 3. Nf3 d6 4. Bc4 e6 5. O-O Ne7 6. Nc3 O-O 7. Bg5 a6 8. Qd2
b5 9. Bb3 Nbc6 10. Bh6 e5 11. Bxg7 Kxg7 12. dxe5 Nxe5 13. Nd4 c5 14. Nde2 c4
15. Rfd1 cxb3 16. axb3 Bb7 17. Qxd6 Qxd6 18. Rxd6 Rfd8 19. Rad1 Rxd6 20. Rxd6
N5c6 21. Nd5 Nxd5 22. exd5 Nd8 23. c4 Kf8 24. c5 Ke7 25. Nc3 Rc8 26. b4 Rc7 27.
f4 Rd7 28. Rxd7+ Kxd7 29. Kf2 Ba8 30. g4 f6 31. Ke3 Kc7 32. Kd4 Nf7 33. Ne4 f5
34. gxf5 gxf5 35. Nf6 h6 36. Ne8+ Kd7 37. Ng7 Ke7 38. Nxf5+ Kf6 39. Ne3 h5 40.
b3 Nh6 41. c6 Nf7 42. Kc5 Ke7 43. Kb6 Kd6 44. Nf5+ Kxd5 45. c7 Ke4 46. c8=Q Bd5
47. Ng3+ Kd4 48. Qc5+ Kd3 49. Qxd5+ Kc2 50. Qxf7 h4 51. Ne2 Kd3 52. Qe6 h3 53.
Kxa6 Kd2 54. Kxb5 {marabu resigns} 1-0

[Event "ICS rated blitz match"]
[Site "204.178.125.65"]
[Date "1999.10.15"]
[Round "?"]
[White "Hossa"]
[Black "marabu"]
[Result "1-0"]
[WhiteElo "2403"]
[BlackElo "2088"]
[PlyCount "72"]
[EventDate "1999.??.??"]

1. e4 c5 2. Nf3 g6 3. d4 Bg7 4. dxc5 Qa5+ 5. c3 Qxc5 6. Be3 Qc7 7. Be2 Nc6 8.
O-O d6 9. Nd4 Nf6 10. Nd2 O-O 11. Qa4 Bd7 12. Qa3 a6 13. Rad1 Ne5 14. Bg5 h6
15. Bh4 Rac8 16. f4 Nc6 17. Qb3 Na5 18. Qc2 b5 19. Qd3 Nb7 20. N2b3 Nc5 21.
Nxc5 dxc5 22. e5 cxd4 23. exf6 Bxf6 24. Bxf6 exf6 25. Qxd4 Be6 26. Qxf6 Qc5+
27. Kh1 Rc6 28. Qh4 Kg7 29. Bf3 Rd6 30. Rxd6 Qxd6 31. Rd1 Qb6 32. a3 Qe3 33.
Bb7 Qe2 34. Qe1 Qxb2 35. Bxa6 Bc4 36. a4 36... Qa3 {marabu resigns} 1-0

[Event "ICS rated blitz match"]
[Site "204.178.125.65"]
[Date "1999.10.01"]
[Round "?"]
[White "Hossa"]
[Black "matar"]
[Result "1-0"]
[WhiteElo "2417"]
[BlackElo "2182"]
[Annotator "Fritz 5.32 (20s)"]
[PlyCount "46"]
[EventDate "1999.??.??"]

1. e4 c5 2. Nf3 e6 3. d4 cxd4 4. Nxd4 a6 5. Nc3 Qc7 6. Be3 6... Ba3 $16 (6...
b5 7. Bd3 (7. g3 Bb7 8. Bg2 Nf6 9. a3 Be7 10. O-O Nc6 11. f4 d6 12. Kh1 O-O 13.
Qe2 Rad8 14. Rad1 Na5 15. g4 d5 16. e5 Ne4 17. Nxe4 dxe4 18. c3 Bd5 19. Rfe1 g5
20. Qf2 Nc4 21. Bc1 21... f6 {Movsesian,M-Horak,O/CZE 1996/EXT 99/0-1 (50)})
7... Bb7 8. f4 (8. a3 Nf6 9. O-O Be7 10. Qe2 O-O 11. f3 d6 12. Qf2 Nbd7 13.
Rfd1 Rac8 14. Nb3 d5 15. exd5 Nxd5 16. Nxd5 Bxd5 17. Rd2 Ne5 18. Bb6 Nxd3 19.
cxd3 Qc6 20. Na5 Qxb6 21. Qxb6 Bc5+ 22. Qxc5 22... Rxc5 {
Vogt,L-Postler,R/Colditz 1967/EXT 99/0-1 (62)}) 8... Nf6 (8... d6 9. O-O Nf6
10. Qf3 Nbd7 11. a3 Be7 12. Rae1 O-O 13. g4 Nc5 14. g5 Nfd7 15. Qh3 Nxd3 16.
cxd3 Rfe8 17. f5 exf5 18. Nxf5 Ne5 19. d4 Nd3 20. Nxg7 Nxe1 21. Nxe8 Qc8 22.
Qxc8 Rxc8 23. Nf6+ Bxf6 24. Rxf6 Nd3 25. Rxd6 Nxb2 26. Nd5 Bxd5 27. Rxd5 Rc3
28. Bf4 Nc4 29. Rc5 Rxa3 30. Kf2 Kg7 31. d5 Rd3 32. Rc6 a5 33. Rc5 a4 34. Rxb5
a3 35. Rb7 a2 36. Ra7 Ra3 37. Be5+ Kf8 38. Rxa3 Nxa3 39. Ke2 Nc2 40. Kd2 Na3
41. Bf6 Ke8 42. Kd3 Kd7 43. Bb2 {Komljenovic,D-Bukic,E/Umag 1972/MCD/1-0 (54)})
9. Qf3 Bb4 10. O-O Bxc3 11. bxc3 Qxc3 12. a4 bxa4 13. Rxa4 d5 14. e5 Ne4 15.
Rb1 Qc7 16. Rab4 Nc5 17. Qg3 g6 18. f5 gxf5 19. Qg7 Rf8 20. Rxb7 {
1-0 Bachmayr,P-Gerstner,W/Munich 1992/TD (20)}) (6... Bb4 $5 {ist interessant}
7. Nde2 7... Nf6 $11) 7. Ndb5 axb5 8. Nxb5 Qa5+ 9. Bd2 Bb4 10. Nd6+ 10... Kd8
$4 $18 {vergroessert seine Probleme} (10... Kf8 $142 11. Nxc8 11... Qc5 $14)
11. Nxf7+ Ke7 12. Nxh8 Bxd2+ 13. Qxd2 Nf6 14. Qxa5 Rxa5 15. Bd3 Nc6 16. f4 Kf8
17. e5 Nd5 18. Bxh7 g5 19. Be4 Nxf4 20. O-O Nxe5 (20... Kg7 {
koennte noch eine geringe Chance darstellen} 21. g3 Ne2+ 22. Kf2 22... Rxe5 $18
) 21. g3 Kg7 22. gxf4 gxf4 (22... Nc4 {
kann das Vorangegangene nicht ungeschehen machen} 23. Ng6 Nd2 24. Ne7 Nxf1 25.
Kxf1 $18 (25. Rxf1 $143 25... d5 $18)) 23. Rxf4 $1 {die Entscheidung} 23...
Kxh8 1-0

[Event "ICS rated blitz match"]
[Site "204.178.125.65"]
[Date "1999.09.23"]
[Round "?"]
[White "Hossa"]
[Black "matar"]
[Result "1/2-1/2"]
[WhiteElo "2388"]
[BlackElo "2149"]
[PlyCount "77"]
[EventDate "1999.??.??"]

1. d4 Nf6 2. c4 g6 3. Nc3 Bg7 4. e4 O-O 5. Bg5 d6 6. Nf3 c5 7. dxc5 Qa5 8. Bd3
dxc5 9. O-O Nc6 10. Nd5 Bg4 11. Qb3 Bxf3 12. gxf3 Nd4 13. Nxe7+ Kh8 14. Qd1
Rad8 15. Nd5 Nxd5 16. Bxd8 Qxd8 17. cxd5 Qg5+ 18. Kh1 Qf4 19. Rg1 Be5 20. Rg3
b5 21. a4 c4 22. Bb1 b4 23. Ba2 b3 24. Bb1 Qh4 25. a5 Rc8 26. Ra4 Qf6 27. Rh3
c3 28. bxc3 Rxc3 29. Bd3 b2 30. Rc4 Rxc4 31. Bxc4 Nxf3 32. Rxf3 b1=Q 33. Qxb1
Qxf3+ 34. Kg1 Qh3 35. Qc2 Bxh2+ 36. Kh1 Bg3+ 37. Kg1 Bh2+ 38. Kh1 Bg3+ 39. Kg1
{Game drawn by mutual agreement} 1/2-1/2

[Event "ICS rated blitz match"]
[Site "204.178.125.65"]
[Date "1999.09.15"]
[Round "?"]
[White "Hossa"]
[Black "matar"]
[Result "1-0"]
[WhiteElo "2411"]
[BlackElo "2166"]
[PlyCount "67"]
[EventDate "1999.??.??"]

1. e4 c5 2. d4 e6 3. Nf3 cxd4 4. Nxd4 a6 5. c4 Nf6 6. Nc3 Qc7 7. Bg5 Bb4 8.
Bxf6 gxf6 9. Bd3 Nc6 10. Nde2 b6 11. O-O Bb7 12. Qa4 Bd6 13. Ng3 h5 14. Rfd1 h4
15. Nf1 Ke7 16. Bc2 Ne5 17. c5 bxc5 18. f4 Nc6 19. f5 Nd4 20. fxe6 dxe6 21. Bd3
Rhg8 22. Kh1 h3 23. gxh3 f5 24. Qc4 Rg6 25. Rab1 Rag8 26. Ne3 fxe4 27. Bxe4 f5
28. Rxd4 fxe4 29. Rd2 Be5 30. Rf1 Qc6 31. Ne2 Rg2 32. Nxg2 e3 33. Qh4+ Ke8 34.
Rd8# {matar checkmated} 1-0

[Event "ICS rated blitz match"]
[Site "204.178.125.65"]
[Date "1999.09.18"]
[Round "?"]
[White "Hossa"]
[Black "matar"]
[Result "1-0"]
[WhiteElo "2481"]
[BlackElo "2164"]
[Annotator "Fritz 5.32 (20s)"]
[PlyCount "57"]
[EventDate "1999.??.??"]

1. e4 1... c5 {Opening = B41 - 3.d4 cd4 4.Nd4 a6 5.---} 2. d4 e6 3. Nf3 cxd4 4.
Nxd4 a6 5. c4 Nf6 6. Nc3 Qc7 7. Bg5 Bb4 (7... Be7 8. Rc1 (8. Qe2 d6 9. g3 Bd7
10. Bg2 Nc6 11. Rd1 O-O 12. O-O Rac8 13. Nxc6 Bxc6 14. Be3 Rfd8 15. f4 Be8 16.
e5 dxe5 17. fxe5 Nd7 18. Bd4 Bc5 19. Rfe1 Nxe5 20. Bxc5 Qxc5+ 21. Kh1 Nxc4 22.
Bxb7 22... Bc6+ {Trumpp,T-Herrmann,U/Potsdam 1997/EXT 99/ - (42)}) 8... Nc6 9.
Be2 Nxe4 10. Nxe6 dxe6 11. Nxe4 Bxg5 12. Nxg5 O-O 13. O-O Qe5 14. Qd2 Rd8 15.
Qe3 Qxb2 16. Rcd1 Rxd1 17. Rxd1 h6 18. Ne4 e5 19. Nc3 Bf5 20. g4 Be6 21. Rb1
Qa3 22. Bd3 {Velimirovic,D-Cvitan,O/Budva 1986/EXT 99/0-1 (43)}) 8. Bxf6 8...
gxf6 $146 (8... Bxc3+ 9. bxc3 gxf6 10. Bd3 d6 11. O-O Nd7 12. Qg4 Qd8 13. Qg7
Ke7 14. Qh6 Ne5 15. Rad1 Bd7 16. Be2 Rc8 17. f4 Nxc4 18. Bxc4 Rxc4 19. e5 Ba4
20. Nf5+ exf5 21. Qxf6+ {
1-0 Gottkehaskamp,S-Plassmann,F/Muenster 1989/EXT 97 (21)}) 9. Bd3 b6 10. Qg4
Bb7 11. Qg7 Rf8 12. Qxf6 (12. Qxh7 $2 {wird widerlegt durch} 12... Qd6 13. Nxe6
13... dxe6 $19) 12... Nc6 13. Nxc6 Qxc6 14. O-O Be7 15. Qh6 O-O-O 16. Qxh7 {
Der Freibauer h2 fuehrt schnell zu Drohungen} 16... Bc5 17. Rad1 Rh8 18. Qxf7
Rdf8 19. Qg6 19... Qc7 $15 (19... Rfg8 $142 {
Schwarz haette nun das bessere Spiel} 20. Qxg8+ 20... Rxg8 $19) 20. Qg3 Bd6 21.
f4 21... Rfg8 $16 (21... Rxf4 $142 {damit waere Schwarz im Spiel geblieben} 22.
Rxf4 22... Bxf4 $15) 22. Qf3 Bc5+ 23. Kh1 23... Qd8 $18 (23... Rxh2+ 24. Kxh2
Rh8+ 25. Qh3 Rxh3+ 26. gxh3 $18) 24. h3 Qh4 25. Ne2 25... d5 $4 {
damit ist die Partie vorbei} (25... Rh6 $18 $142) 26. cxd5 exd5 27. exd5 Bxd5 (
27... Kb8 {sonst gehen die Lichter sofort aus} 28. Bc2 28... Bd6 $18) 28. Bxa6+
$1 {ganz unerschrocken} (28. Qxd5 $4 {Weiss kann den Laeufer nicht nehmen}
28... Qxh3+ $3 {das kroenende Opfer} 29. gxh3 Rxh3#) 28... Kb8 {
Droht Matt: Qxh3} 29. Rxd5 (29. Rxd5 Qh7 30. f5 $18) (29. Qxd5 $4 29... Qxh3+
$3 {eine logische Fortsetzung} 30. gxh3 Rxh3#) 1-0

[Event "ICS rated blitz match"]
[Site "204.178.125.65"]
[Date "1999.09.18"]
[Round "?"]
[White "Hossa"]
[Black "matar"]
[Result "0-1"]
[WhiteElo "2505"]
[BlackElo "2140"]
[Annotator "Fritz 5.32 (15s)"]
[PlyCount "53"]
[EventDate "1999.??.??"]

1. e4 1... c5 {Opening = B41 - 3.d4 cd4 4.Nd4 a6 5.---} 2. Nf3 e6 3. d4 cxd4 4.
Nxd4 a6 5. Be2 Nf6 6. e5 (6. Nd2 d6 7. O-O Bd7 8. b3 Nc6 9. Bb2 Be7 10. Kh1 O-O
11. f4 Qc7 12. Nxc6 Bxc6 13. Bd3 Rfe8 14. Qe2 Nd7 15. Rae1 Bf8 16. Qg4 Nc5 17.
Re3 g6 18. Rh3 Nxd3 19. cxd3 f5 20. Qxg6+ hxg6 21. Rh8+ Kf7 22. Rh7+ Kg8 23.
Rh8+ {- Speelman,J-Rivas Pastor,M/Amsterdam 1978/MCD (23)}) 6... Qa5+ 7. Nc3
Qxe5 8. O-O 8... Bc5 $146 (8... h5 9. Kh1 Bc5 10. Nb3 Ba7 11. f4 Qc7 12. f5 Ng4
13. Bxg4 hxg4 14. Bf4 e5 15. Nd5 Qd6 16. Bxe5 Qxe5 17. Nf4 g3 18. Nh5 Bf2 19.
Qg4 g6 20. fxg6 Rxh5 21. gxf7+ Kxf7 22. h3 Nc6 23. Rad1 23... d5 {
0-1 Klimpel,T-Payrits,H/Regensburg 1996/EXT 97 (23)}) 9. Nf3 Qc7 10. Na4 Ba7
11. Bg5 b5 12. Bxf6 gxf6 13. Nc3 Bb7 14. a4 b4 15. Na2 Nc6 16. Qd2 a5 17. c3
Rg8 18. cxb4 Ne5 19. Rac1 Nxf3+ 20. Bxf3 Bxf3 21. Qxd7+ Qxd7 22. g3 Qd6 23. Rc5
23... axb4 $1 {entscheidend} 24. Nxb4 Bxc5 25. Re1 Rxg3+ 26. Kf1 Rg2 (26... Qd2
27. Rxe6+ fxe6 28. fxg3 Qe2#) 27. Re3 (27. Re2 {holt die Kuh nicht vom Eis}
27... Qd1+ 28. Re1 Rxf2+ 29. Kg1 Qxe1#) 0-1

[Event "ICS rated blitz match"]
[Site "204.178.125.65"]
[Date "1999.09.23"]
[Round "?"]
[White "Hossa"]
[Black "matar"]
[Result "1-0"]
[WhiteElo "2374"]
[BlackElo "2163"]
[PlyCount "83"]
[EventDate "1999.??.??"]

1. d4 Nf6 2. c4 g6 3. Nc3 Bg7 4. e4 O-O 5. Bg5 d6 6. Nf3 a6 7. Be2 c5 8. dxc5
Qa5 9. Bxf6 Bxf6 10. cxd6 Bxc3+ 11. bxc3 Qxc3+ 12. Nd2 exd6 13. O-O Nc6 14. Rb1
Re8 15. Rb3 Qa5 16. Rb2 Nd4 17. Nf3 Nxe2+ 18. Rxe2 Bg4 19. Qxd6 Bxf3 20. gxf3
Rad8 21. Qf6 Re6 22. Qf4 Rd3 23. Qb8+ Kg7 24. Qxb7 Rxf3 25. Qd5 Qc3 26. Rd1 Rf4
27. Rd3 Qf6 28. Kg2 Re5 29. Qd4 Qe6 30. f3 Rh4 31. Kg1 Rf4 32. Rb3 Qf6 33. Rg2
h5 34. c5 h4 35. c6 h3 36. Rg3 Rc5 37. Qxc5 Qa1+ 38. Kf2 Qxa2+ 39. Ke3 Rxe4+
40. Kxe4 f5+ 41. Kd3 Qxb3+ 42. Qc3+ {matar resigns} 1-0

[Event "ICS rated blitz match"]
[Site "204.178.125.65"]
[Date "1999.09.18"]
[Round "?"]
[White "Hossa"]
[Black "matar"]
[Result "1-0"]
[WhiteElo "2497"]
[BlackElo "2148"]
[Annotator "Fritz 5.32 (15s)"]
[PlyCount "61"]
[EventDate "1999.??.??"]

1. e4 1... c5 {Opening = B41 - 3.d4 cd4 4.Nd4 a6 5.---} 2. Nf3 e6 3. d4 cxd4 4.
Nxd4 a6 5. Be2 Nf6 6. e5 (6. Nd2 d6 7. O-O Bd7 8. b3 Nc6 9. Bb2 Be7 10. Kh1 O-O
11. f4 Qc7 12. Nxc6 Bxc6 13. Bd3 Rfe8 14. Qe2 Nd7 15. Rae1 Bf8 16. Qg4 Nc5 17.
Re3 g6 18. Rh3 Nxd3 19. cxd3 f5 20. Qxg6+ hxg6 21. Rh8+ Kf7 22. Rh7+ Kg8 23.
Rh8+ {- Speelman,J-Rivas Pastor,M/Amsterdam 1978/MCD (23)}) 6... Qa5+ 7. Nc3
Qxe5 8. O-O 8... Bc5 $15 (8... h5 9. Kh1 Bc5 10. Nb3 Ba7 11. f4 Qc7 12. f5 Ng4
13. Bxg4 hxg4 14. Bf4 e5 15. Nd5 Qd6 16. Bxe5 Qxe5 17. Nf4 g3 18. Nh5 Bf2 19.
Qg4 g6 20. fxg6 Rxh5 21. gxf7+ Kxf7 22. h3 Nc6 23. Rad1 23... d5 {
0-1 Klimpel,T-Payrits,H/Regensburg 1996/EXT 97 (23)}) (8... Nc6 9. Be3 $17) 9.
Nf3 Qc7 10. Na4 Ba7 11. Bg5 b5 12. Bxf6 gxf6 13. Nc3 Bb7 14. a4 b4 15. Na2 Nc6
16. Qd2 $19 (16. c3 bxc3 17. Nxc3 17... d5 $17) 16... a5 $17 (16... Rg8 17. g3
$19 (17. Nxb4 $143 17... Nd4 18. Nxa6 18... Qc6 $19 (18... Qxc2 19. Qxc2 Nxc2
20. Nc7+ Kd8 21. Rfc1 $19 (21. Nxa8 Nd4 22. Nxd4 Rxg2+ 23. Kh1 23... Bxd4 $15))
)) 17. c3 b3 18. Nc1 18... Qb6 $11 (18... Rg8 $5 19. Nxb3 19... Ne5 $17) 19.
Ra3 Ne5 20. Rxb3 Qc6 21. c4 Rg8 22. Qc2 (22. Qxa5 $4 {
der kann natuerlich nicht genommen werden} 22... Bxf2+ $1 {zwingend und schoen}
23. Rxf2 23... Rxa5 $19) 22... O-O-O {Sieht riskant aus} (22... Qxa4 23. Qxh7
O-O-O 24. Rxb7 Kxb7 25. Nxe5 fxe5 26. Bf3+ Kc8 27. b3 $17) 23. Qxh7 {
Weiss zwingt den Gegner mit starken Drohungen nieder} 23... Rg6 24. Qh5 Rdg8
25. g3 25... Ng4 $4 $18 {danach wendet sich das Blatt} (25... Qe4 $11 $142 {
und Schwarz spielt mit}) 26. Qxa5 Bc5 (26... Bb8 27. Rd1 $18) 27. Rb5 d6 (27...
Bd6 28. Rd1 $18) 28. Nd3 28... Nxh2 {Droht Matt.} 29. Kxh2 (29. Nxc5 29...
Nxf3+ $1 {kraeftig gespielt} 30. Bxf3 Qxf3 31. Qc7+ Kxc7 32. Rxb7+ Kc6 33. Rb6+
Kxb6 34. Nd7+ Kc7 35. Nxf6 Rh6 36. Nh5 Rxh5 37. b4 Rh1#) (29. Rxc5 dxc5 30.
Kxh2 Qe4 31. Qxc5+ Kb8 32. Qd6+ 32... Ka8 $11) 29... Rh8+ 30. Kg2 Bxf2 (30...
Rgh6 {haette noch versucht werden koennen} 31. Rg1 $1 {logisch und kraftvoll}
31... Ba6 32. Rxc5 dxc5 33. Nxc5 33... Bb7 $18) 31. Kxf2 (31. Kxf2 Qc7 32. Rc1
$18) (31. Rxf2 $6 31... Rgh6 32. Rf1 Rh2+ 33. Kg1 33... Rxe2 $16) 1-0